Statistiche per Impero Italiano

Clicka qui per fare il quiz!

Statistiche generali

  • Questo quiz è stato fatto 79 volte
  • Il punteggio medio è 7 su 9

Statistiche sulle risposte

HintRisposta% Corretto
1882 - 1947Eritrea
95%
1936 - 1941Etiopia
92%
1911 - 1943Libia
92%
1918 - 1920
1939 - 1943
Albania
87%
1861 - oggiItalia
86%
1890 - 1960Somalia
86%
1912 - 1943Dodecaneso (Grecia)
78%
1901 - 1947Tientsin (Cina)
44%
1919 - 1922Anatolia (Turchia)
43%

Distribuzione punteggi

Percentile per numero di risposta

Percentuale di utenti per punteggio

I tuoi punteggi nel tempo

Non hai fatto questo quiz